000 00594nam a2200181Ia 4500
005 20260415160358.0
008 008 250505s9999 xx 000 0 eng d
037 _aReference
040 _aFEDL
_beng
_cFEDL
041 _aeng
_2eng
084 _a370 UNE
_qFEDL
245 0 _aEducation for all: Preparation of national plans of action: Country guidelines
245 0 _cUNESCO (Paris France)
260 _aParis, France
_bUnited Nations Educational, Scientific and Cultural Organization
300 _a16p
942 _cREF
_h370 UNE
999 _c1400298
_d1400298